000 00373nam a2200145Ia 4500
008 230917s9999||||xx |||||||||||||| ||und||
040 _e198390
_aMAIN
041 _aEnglish
082 _a617.96 B22S
100 _aBansal, Meenakshi
245 0 _aStudy of pre-emptive analgesia with piroxicam in diagnostic laparoscopy
260 _c1998
300 _a68 p.
942 _cTH
999 _c87478
_d87478